Statistiques concernant Paroles 1980-Pascal Obispo et Melissa Mars

Cliquez ici pour prendre le quiz!

Statistiques générales

  • Ce quiz a été pris 14 fois
  • Le résultat moyen est 101 sur 194

Statistiques - réponses

Réponse% Correct
de
92%
1980
83%
ce
83%
La
83%
la
83%
le
83%
les
83%
Les
83%
qui
83%
un
83%
Des
75%
des
75%
en
75%
et
75%
je
75%
à
67%
pas
67%
rien
67%
Une
67%
c'est
58%
C'est
58%
C'était
58%
nous
58%
sans
58%
Se
58%
se
58%
d'où
50%
génération
50%
lendemain
50%
n'attendait
50%
fin
42%
ne
42%
Pour
42%
pour
42%
qu'on
42%
toujours
42%
viens
42%
illusion
33%
bien
25%
Qu'est
25%
temps
25%
courants
17%
Déjà
17%
Faut
17%
fera
17%
fous
17%
musique
17%
non
17%
ont
17%
passer
17%
rêveurs
17%
risque
17%
son
17%
Son
17%
ailleurs
8%
ceux
8%
Chacun
8%
couleurs
8%
d'exemples
8%
d'heure
8%
échappatoir
8%
gris
8%
meilleur
8%
meurt
8%
monde
8%
part
8%
porte
8%
Question
8%
Qu'importe
8%
Redevenir
8%
refuge
8%
rejoignent
8%
ressemblent
8%
servi
8%
suivent
8%

Distribution des résultats

Percentile par nombre de réponses

% des personnes avec chaque résultat

Votre développement - résultats

Vous n’avez pas pris ce quiz